Βοηθητικά μηχανήματα πλοίων
Saved in:
| Main Author: | |
|---|---|
| Other Authors: | |
| Format: | Book |
| Language: | Greek |
| Published: |
Αθήνα :
Ίδρυμα Ευγενίδου,
2015.
|
| Subjects: | |
| Tags: |
Add Tag
No Tags, Be the first to tag this record!
|
MARC
| LEADER | 00000cam a2200000 a 4500 | ||
|---|---|---|---|
| 001 | 1/117191 | ||
| 008 | 180919t2015####gr | ||| |||| ||gre|| | ||
| 020 | |a 9789603371243 |q (χαρτόδετο) | ||
| 040 | |a GR-MyUa |b gre |c GR-MyUa |e AACR2 | ||
| 041 | 0 | |a gre | |
| 082 | 7 | |a 623.8501 |2 (23) | |
| 100 | 1 | |a Δάγκινης, Ιωάννης. | |
| 245 | 1 | 0 | |a Βοηθητικά μηχανήματα πλοίων / |c Ιωάννης Κ. Δάγκινης και Αλέξανδρος Ι. Γλύκας. |
| 260 | |a Αθήνα : |b Ίδρυμα Ευγενίδου, |c 2015. | ||
| 300 | |a xiv, 532 σ. : |b έγχρ. εικ., πίν., σχέδια ; |c 28 εκ. | ||
| 500 | |a Εκπαιδευτικό κείμενο Ακαδημιών Εμπορικού Ναυτικού | ||
| 504 | |a Ευρετήριο: σ. 527-530. Βιβλιογραφία: σ. 531-532. | ||
| 650 | 0 | |a Marine machinery. | |
| 650 | 0 | |a Marine machinery |x Directories. | |
| 700 | 1 | |a Γλύκας, Αλέξανδρος. | |
| 852 | |a INST |b CHIOS |e 20191008 |h 623.8501 ΔΑΓ |p 005200039265 |q 005200039265 |t BK |y 0 | ||
| 852 | |a INST |b CHIOS |c EUDOXUS |e 20180919 |h 623.8501 ΔΑΓ |p 005200038668 |q 005200038668 |t BK |y 0 | ||
| 920 | |a Εύδοξος |b Επιστροφή |y Χίος |z 2018-09 | ||
| 920 | |a Τζάλλας |b Κωνσταντίνος |y Χίος |z 2019-10 | ||
| 970 | |a Σπέντζα |b Ελένη |z 19-09-2018 | ||